000 00775nam a2200205 a 4500
003 0
005 20250603113914.0
008 030603s19uu xx 00 eng d
050 _aPHS LB 1065
_b.Al43 2001
100 _aAlasco, Jing Jing J.
245 _aThe Perceived effects of reward and punishment to the grade six students of two selected private schools in Rabaul, Papua New Guinea /
_cJing Jing J. Alasco.
260 _aLas PiƱas City, Philippines :
_bSouthville International School and Colleges,
_c2001.
300 _a28 pages :
_billustrations ;
_c28 cm.
504 _aIncludes bibliographical references.
650 _aMotivation in education.
650 _aReward (Psychology).
650 _aPunishment.
650 _aSchool discipline.
942 _2lcc
_cPASS
999 _c96456
_d96456